<?xml version="1.0" encoding="UTF-8"?>
<collection xmlns:xsi="http://www.w3.org/2001/XMLSchema-instance" xsi:schemaLocation="http://www.loc.gov/MARC21/slim http://www.loc.gov/standards/marcxml/schema/MARC21slim.xsd" xmlns="http://www.loc.gov/MARC21/slim">
 <record>
  <leader>00000caa a22000003i 4500</leader>
  <controlfield tag="001">UP-1685594773862388615</controlfield>
  <controlfield tag="003">Buklod</controlfield>
  <controlfield tag="005">20210322135704.0</controlfield>
  <controlfield tag="006">m     |  |        </controlfield>
  <controlfield tag="007">ta</controlfield>
  <controlfield tag="008">210322s2019    xx      r    |||| u|eng d</controlfield>
  <datafield tag="035" ind1=" " ind2=" ">
   <subfield code="a">(iLib)UPBAG-00039569043</subfield>
  </datafield>
  <datafield tag="040" ind1=" " ind2=" ">
   <subfield code="a">STII-DOST</subfield>
   <subfield code="d">BAG</subfield>
   <subfield code="e">rda</subfield>
  </datafield>
  <datafield tag="041" ind1="0" ind2=" ">
   <subfield code="a">eng</subfield>
  </datafield>
  <datafield tag="090" ind1=" " ind2="0">
   <subfield code="a">ARTICLE-2800</subfield>
  </datafield>
  <datafield tag="100" ind1="1" ind2=" ">
   <subfield code="a">Duante, Charmaine A.</subfield>
   <subfield code="e">author.</subfield>
  </datafield>
  <datafield tag="245" ind1="1" ind2="0">
   <subfield code="a">Factors associated with overweight and obesity among adults 20.0 years and over</subfield>
   <subfield code="b">results from the 2013 national nutrition survey, Philippines</subfield>
   <subfield code="c">by Charmaine A. Duante, Jay Lord Q. Canag, Chona F. Patalen, Rovea Ernazelle G. Austria, and Cecilia Cristina S. Acuin.</subfield>
  </datafield>
  <datafield tag="264" ind1=" " ind2="1">
   <subfield code="c">2019.</subfield>
  </datafield>
  <datafield tag="300" ind1=" " ind2=" ">
   <subfield code="a">pages 18-20</subfield>
   <subfield code="b">illustration</subfield>
   <subfield code="c">26 cm</subfield>
  </datafield>
  <datafield tag="336" ind1=" " ind2=" ">
   <subfield code="a">text</subfield>
   <subfield code="2">rdacontent</subfield>
  </datafield>
  <datafield tag="337" ind1=" " ind2=" ">
   <subfield code="a">unmediated</subfield>
   <subfield code="2">rdamedia</subfield>
  </datafield>
  <datafield tag="338" ind1=" " ind2=" ">
   <subfield code="a">volume</subfield>
   <subfield code="2">rdacarrier</subfield>
  </datafield>
  <datafield tag="504" ind1=" " ind2=" ">
   <subfield code="a">Includes bibliographical references (pages 18-20)</subfield>
  </datafield>
  <datafield tag="520" ind1=" " ind2=" ">
   <subfield code="a">In 2016, the World Health Organization (WHO) estimated that at least 2.8 million people die each year as a result of overweight/ obesity associated with the occurrence of chronic diseases that has dire social and economic consequences. In the Philippines, the prevalence of overweight/ obesity among adults showed a gradually increasing trend. Local studies using national-scale data on the determinants of overweight/obesity among adults in the Philippines are found to be lacking as related studies available were done on selected population groups only. This study aimed to address this research gap and provide evidence for setting goals and targets to halt the increase of overweight/ obesity. Analysis of secondary data was done using the 2013 National Nutrition Survey results. Findings revealed that 30.0% of 9,076 adults 20.0 years and over with complete socio-demographic, socio-economic, anthropometric, clinical, and health and dietary data were overweight/ obese. Controlling for the effects of other variables, the factors significantly associated with overweight/ obesity among adults 20.0 years and over included adequacy of recommended energy intake, type of residence, age group, civil status, wealth quintile, highest educational attainment, and smoking status. The odds of being overweight/ obese was 29% higher among those who met the recommended energy intake compared to those who did not, and 28% higher among those living in urban areas than rural areas. As socio-economic status improved and as the population aged, the odds of overweight/ obesity increased. Adults with partners were more likely to be overweight/ obese than those who were single. In comparison to adults with no grade completed, the odds of being overweight/ obese were higher among those who were high school/vocational graduates and twice as high among college graduates. This study provides consistent evidence on the factors associated with overweight/ obesity, which may be addressed through multi-sectoral approach by crafting maximally effective programs and local policies. (Author's abstract)</subfield>
  </datafield>
  <datafield tag="650" ind1="0" ind2="4">
   <subfield code="a">Nutrition.</subfield>
  </datafield>
  <datafield tag="650" ind1="0" ind2="4">
   <subfield code="a">Ncds.</subfield>
  </datafield>
  <datafield tag="650" ind1="0" ind2="4">
   <subfield code="a">Nns.</subfield>
  </datafield>
  <datafield tag="650" ind1="0" ind2="4">
   <subfield code="a">Obesity.</subfield>
  </datafield>
  <datafield tag="650" ind1="0" ind2="4">
   <subfield code="a">Overweight.</subfield>
  </datafield>
  <datafield tag="650" ind1="0" ind2="4">
   <subfield code="a">Philippines - Factors associated with overweight and obesity among adults 20.0 years and over.</subfield>
  </datafield>
  <datafield tag="650" ind1="0" ind2="4">
   <subfield code="a">Risk factors.</subfield>
  </datafield>
  <datafield tag="700" ind1="1" ind2=" ">
   <subfield code="a">Acuin, Cecilia Cristina S.</subfield>
   <subfield code="e">author.</subfield>
  </datafield>
  <datafield tag="700" ind1="1" ind2=" ">
   <subfield code="a">Austria, Rovea Ernazelle G.</subfield>
   <subfield code="e">author.</subfield>
  </datafield>
  <datafield tag="700" ind1="1" ind2=" ">
   <subfield code="a">Canag, Jay Lord Q.</subfield>
   <subfield code="e">author.</subfield>
  </datafield>
  <datafield tag="700" ind1="1" ind2=" ">
   <subfield code="a">Patalen, Chona F.</subfield>
   <subfield code="e">author.</subfield>
  </datafield>
  <datafield tag="773" ind1="0" ind2=" ">
   <subfield code="a">The Philippine Journal of Science</subfield>
   <subfield code="g">Vol. 148, no. 1, March 2019.</subfield>
  </datafield>
  <datafield tag="856" ind1="4" ind2="0">
   <subfield code="a">Request full-text access via UPB University Library through</subfield>
   <subfield code="u">https://forms.gle/KZjBv7aRtY6jiL5E9</subfield>
  </datafield>
  <datafield tag="856" ind1="4" ind2="0">
   <subfield code="z">(viewed 22 March 2021)</subfield>
  </datafield>
  <datafield tag="905" ind1=" " ind2=" ">
   <subfield code="a">FI</subfield>
  </datafield>
  <datafield tag="852" ind1="0" ind2=" ">
   <subfield code="a">UPBAG</subfield>
   <subfield code="b">UPBAG-MAIN</subfield>
   <subfield code="h">ARTICLE-2800</subfield>
  </datafield>
  <datafield tag="942" ind1=" " ind2=" ">
   <subfield code="a">Analytics</subfield>
  </datafield>
 </record>
</collection>
